Memoria leida en la Sociedad Filarmónica de Las Palmas en el XII aniversario de su instalacion / (Record no. 165491)

MARC details
000 -LEADER
campo de control de longitud fija 00998nam a22002055i 4500
001 - NÚMERO DE CONTROL
campo de control 165491
003 - IDENTIFICADOR DE NÚMERO DE CONTROL
campo de control ES-MaACL
005 - FECHA Y HORA DE LA ÚLTIMA TRANSACCIÓN
campo de control 20230906213140.0
008 - DATOS DE LONGITUD FIJA--INFORMACIÓN GENERAL
campo de control de longitud fija 040920s1879 sp |||| | spa d
040 ## - FUENTE DE CATALOGACIÓN
Centro catalogador/agencia de origen CAM
Lengua de catalogación spa
Centro/agencia transcriptor CAM
110 2# - ENTRADA PRINCIPAL--NOMBRE DE ENTIDAD CORPORATIVA
Nombre de entidad corporativa o nombre de jurisdicción como elemento de entrada Sociedad Filarmónica de Las Palmas.
9 (RLIN) 134896
245 10 - MENCIÓN DEL TÍTULO
Título Memoria leida en la Sociedad Filarmónica de Las Palmas en el XII aniversario de su instalacion /
Mención de responsabilidad, etc. por José Monzon y Castro ; y poesias leidas y dedicadas á la misma sociedad por Ramon Gil Roldan, Amaranto Martinez de Escobar y Emilio Alvarez de Cuento.
260 ## - PUBLICACIÓN, DISTRIBUCIÓN, ETC.
Lugar de publicación, distribución, etc. Las Palmas de Gran-Canaria :
Nombre del editor, distribuidor, etc. [s.n.],
Fecha de publicación, distribución, etc. 1879 (
Fabricante Imprenta y encuadernación de Isidro Miranda)
300 ## - DESCRIPCIÓN FÍSICA
Extensión 34 p. ;
Dimensiones 21 cm.
700 1# - ENTRADA AGREGADA--NOMBRE PERSONAL
Nombre de persona Monzon y Castro, José.
9 (RLIN) 130124
700 1# - ENTRADA AGREGADA--NOMBRE PERSONAL
Nombre de persona Gil Roldan, Ramón.
9 (RLIN) 127308
700 1# - ENTRADA AGREGADA--NOMBRE PERSONAL
Nombre de persona Martinez de Escobar, Amaranto.
9 (RLIN) 129575
700 1# - ENTRADA AGREGADA--NOMBRE PERSONAL
Nombre de persona Alvarez de Cueto, Emilio.
9 (RLIN) 125638
852 ## - LOCALIZACIÓN
Ubicación ES-MaACL
Número de control de estantería T-337-F-4
Nota libre -- Enc. hol.
condición física -- Falto de la cub. original
Nota libre -- Enc. en un vol. facticio
Holdings
Estatus retirado Estado de pérdida Estado de daño No para préstamo Colección Biblioteca de origen Biblioteca actual Ubicación en estantería Fecha de adquisición Total de préstamos Signatura topográfica completa Código de barras Visto por última vez Precio de reemplazo Tipo de ítem Koha
        Colección de folletos Biblioteca del Ateneo de Madrid Biblioteca del Ateneo de Madrid Depósito folletos 17/01/2008   T-337-F-4 1173546 23/02/2023 23/02/2023 Folleto